| 000 | 00863nam a22002777a 4500 | ||
|---|---|---|---|
| 999 |
_c12555 _d12555 |
||
| 003 | AR-CdUCM | ||
| 008 | 190409b ||||| |||| 00| 0 spa d | ||
| 020 | _a0-582-51051-5 | ||
| 040 |
_aMUNICIPALIDAD PROVINCIAL DEL CUSCO _cBIBLIOTECA MUNICIPAL DEL CUSCO |
||
| 041 | _heng | ||
| 082 |
_211ed. _aES / 428 / _bIG34 |
||
| 100 |
_aIggulden, M _930435 |
||
| 245 | _aSam Onradio 321 / | ||
| 260 |
_aHong Kong : _blongman Group Uk Limited, _c1987. |
||
| 300 |
_a80 paginas ; _bIlustraciones, Graficos, Dibujos, _c25 cm. |
||
| 440 |
_aLongman _n1 _930436 |
||
| 500 | _aTexto educativo Cuaderno de trabajo | ||
| 650 |
_aTexto educativo _925832 |
||
| 650 |
_aCuaderno de trabajo _911620 |
||
| 650 |
_aLiteratura _983 |
||
| 650 |
_aHistoria _9136 |
||
| 700 |
_aMelville, E _929189 |
||
| 700 |
_aWhite, S _929190 |
||
| 942 |
_2ddc _cLIBROS |
||
| 945 |
_apjha _d2019-04-09 |
||